International marketing cases / (Record no. 5649)
[ view plain ]
| 000 -LEADER | |
|---|---|
| fixed length control field | 00745nam a22002292 4500 |
| 001 - CONTROL NUMBER | |
| control field | 0000002106 |
| 005 - DATE AND TIME OF LATEST TRANSACTION | |
| control field | 20151217151840.0 |
| 008 - FIXED-LENGTH DATA ELEMENTS--GENERAL INFORMATION | |
| fixed length control field | 070402s xx 000 0 eng d |
| 020 ## - INTERNATIONAL STANDARD BOOK NUMBER | |
| International Standard Book Number | 0324063733 : |
| Terms of availability | KES 1,375 |
| 040 ## - CATALOGING SOURCE | |
| Original cataloging agency | KABU |
| Transcribing agency | KABU |
| 050 #0 - LIBRARY OF CONGRESS CALL NUMBER | |
| Classification number | HF1416 |
| Item number | .J35 2001 |
| 100 1# - MAIN ENTRY--PERSONAL NAME | |
| Personal name | Jain, Subhash C., |
| Dates associated with a name | 1942-. |
| -- | 0000151333 |
| 245 10 - TITLE STATEMENT | |
| Title | International marketing cases / |
| Statement of responsibility, etc. | Subhash C. Jain. |
| 250 ## - EDITION STATEMENT | |
| Edition statement | 6th ed. |
| 260 ## - PUBLICATION, DISTRIBUTION, ETC. (IMPRINT) | |
| Place of publication, distribution, etc. | Cincinnati, Ohio : |
| Name of publisher, distributor, etc. | South-Western, |
| Date of publication, distribution, etc. | c2001. |
| 300 ## - PHYSICAL DESCRIPTION | |
| Extent | viii, 192 p. : |
| Other physical details | ill. ; |
| Dimensions | 26 cm. |
| 650 #0 - SUBJECT ADDED ENTRY--TOPICAL TERM | |
| Topical term or geographic name as entry element | Export marketing |
| General subdivision | Management. |
| -- | 0000151323 |
| 650 #0 - SUBJECT ADDED ENTRY--TOPICAL TERM | |
| Topical term or geographic name as entry element | Export marketing |
| General subdivision | Management |
| -- | Case studies. |
| -- | 0000151334 |
| 908 ## - PUT COMMAND PARAMETER (RLIN) | |
| Put command parameter | 070402 |
| 950 ## - LOCAL HOLDINGS (RLIN) | |
| -- | 1 |
| Withdrawn status | Lost status | Source of classification or shelving scheme | Not for loan | Home library | Current library | Date acquired | Total Checkouts | Full call number | Barcode | Date last seen | Date last checked out | Copy number | Price effective from | Koha item type |
|---|---|---|---|---|---|---|---|---|---|---|---|---|---|---|
| Library of Congress Classification | Kabarak, Main Campus | Kabarak, Main Campus | 17/12/2015 | 1 | HF1416 .J35 2001 C.1 | 001719 | 02/08/2024 | 15/07/2016 | C.1 | 17/12/2015 | General Collection |